ბათუმის შოთა რუსთაველის სახელმწიფო უნივერსიტეტის ბიბლიოთეკა

მეფეთ მეფე გიორგი II : (ბიბ.ჩანაწერი № 56238)

000 -ლიდერი
ფიქსირებული სიგრძის საკონტროლო ველი 01368nam a2200277Ia 4500
001 - საკონტროლო ნომერი
საკონტროლო ველი 23340
003 - საკონტროლო ნომრის იდენტიფიკატორი
საკონტროლო ველი GE_BSU
005 - ბოლო ოპერაციის თარიღი და დრო
საკონტროლო ველი 20251229193038.0
008 - ფიქსირებული სიგრძის მონაცემთა ელემენტები - ზოგადი ინფორმაცია
ფიქსირებული სიგრძის საკონტროლო ველი 181216s2003||||ge |||||||||||||| ||geo||
020 ## - წიგნის საერთაშორისო სტანდარტული ნომერი
International Standard Book Number 99940-13-65-3
040 ## - კატალოგიზაციის წყარო
Transcribing agency GE_BSU
041 ## - ენის კოდი
Language code of text/sound track or separate title geo
080 ## - უნივერსალური ათობითი კლასიფიკაციის ინდექსი
Universal Decimal Classification number 94(479.22)"10" + 929.731(479.22) მ-59
100 ## - მთავარი ჩანაწერი - პიროვნების სახელი
Personal name მეტრეველი, როინ
9 (RLIN) 26625
245 ## - ცნობა სათაურის შესახებ
Title მეფეთ მეფე გიორგი II :
Remainder of title (XI საუკუნის 70-80-იანი წლების საქართველოს პოლიტ. ისტორია) /
Statement of responsibility, etc როინ მეტრეველი, ჯაბა სამუშია ; რედ.: გოგი სალიაშვილი.
264 ## - წარმოების, გამოცემის, დისტრიბუციის და სხვა ცნობები
გამოცემის, წარმოების, დისტრიბუციის... ადგილი თბილისი :
გამოცემის, წარმოების, დისტრიბუციის... სახელწოდება სახ. უნ-ტის გამ-ბა,
გამოცემის, წარმოების, დისტრიბუციის... თარიღი 2003.
300 ## - ფიზიკური აღწერა
Extent 180 გვ. ;
Dimensions 20 სმ.
520 ## - SUMMARY, ETC.
Summary, etc რეზ. ინგლ. და რუს. ენ.
653 ## - INDEX TERM--UNCONTROLLED
Uncontrolled term მეფეთ მეფე გიორგი II
653 ## - INDEX TERM--UNCONTROLLED
Uncontrolled term საქართველოს ისტორია, XI ს.
653 ## - INDEX TERM--UNCONTROLLED
Uncontrolled term საქართველოს მეფეები
700 ## - ADDED ENTRY--PERSONAL NAME
Personal name სამუშია, ჯაბა
Relator term ავტორი
9 (RLIN) 26626
700 ## - ADDED ENTRY--PERSONAL NAME
Personal name სალიაშვილი, გოგი
Relator term რედაქტორი
9 (RLIN) 18657
942 ## - ADDED ENTRY ELEMENTS (KOHA)
Koha item type წიგნი
Source of classification or shelving scheme
ეგზემპლარები
ჩამოწერის სტატუსი დაკარგული ეგზემპლარის სტატუსი კლასიფიკაციის წყარო ან თაროზე გაწყობის სქემა დაზიანების სტატუსი არ გაიცემა მუდმივი მდებარეობა (დაცვის ადგილი) ამჟამინდელი ადგილსამყოფელი თაროზე განთავსების ადგილი შეძენის თარიღი ღირებულება, შესყიდვის ნორმალური ფასი სრული შენახვის შიფრი შტრიხკოდი ბოლო ოპერაციის თარიღი ეგზემპლარის მიმდევრობითი ნომერი (კეტერი?) ფასის ძალაში შესვლის თარიღი ეგზემპლარის სახეობა საჯარო შენიშვნა
          ბათუმის შოთა რუსთაველის სახელმწიფო უნივერსიტეტის მთავარი ბიბლიოთეკა ბათუმის შოთა რუსთაველის სახელმწიფო უნივერსიტეტის მთავარი ბიბლიოთეკა წიგნსაცავი 2018-12-17 8.00 94(479.22) მ-59 28332 2018-12-17 28332 2018-12-17 წიგნი 8.00 ₾.